The C programming language /
Na minha lista:
| Main Authors: | , |
|---|---|
| Formato: | Livro |
| Idioma: | inglês |
| Publicado em: |
Englewood Cliffs :
Prentice Hall,
1978
|
| Assuntos: | |
| Tags: |
Sem tags, seja o primeiro a adicionar uma tag!
|
MARC
| LEADER | 00000nam a22000003a 4500 | ||
|---|---|---|---|
| 001 | stu2825 | ||
| 005 | 20201020165524.2 | ||
| 008 | 921221s1978----xxu-----------------eng-d | ||
| 020 | |a 0-13-110163-3 | ||
| 040 | |a STU |b slo | ||
| 041 | 0 | |a eng | |
| 044 | |a xxu | ||
| 080 | |a 681.32.06 | ||
| 080 | |a C | ||
| 080 | |a 519.682 | ||
| 100 | 1 | |a Kernighan, Brian W |4 aut | |
| 245 | 1 | |a The C programming language / |c [aut.] Kernighan,Brian W.; Ritchie,Dennis M | |
| 260 | |a Englewood Cliffs : |b Prentice Hall, |c 1978 | ||
| 300 | |a 228 s | ||
| 650 | 7 | |a programovacie jazyky |2 stusub | |
| 650 | 7 | |a C |2 stusub | |
| 700 | 1 | |a Ritchie, Dennis M |4 aut | |
| 996 | |b 284IK06212 |c I*16PJ4691 |l I |s A |a 24 |w stu2825_0001 | ||